00873nam a2200133 4500008001000000020001500010082001500025100002600040245009200066260004700158300002700205505040100232650010600633707 P213e a9968899194 a707bP213e aPapastergiadis, Nikos aEnfoques a distancia sobre la producción de cultura en la situación contemporáneo aSan José, Costa RicabTEOR/éTicac2005 a120 P.c21.5 X 14.2 cm tIntroducciónrVirginia Pérez-RattontLa práctica creativa y el pensamiento críticorNikos PapastergiadistSur-sur-sur: una introducciónrNikos Papastergiadis tRepresentación y lugar en el arte contemporáneorCarlos CapelántSobre los orígenes de la cuestión de lo contemporáneorCarlos CapelántApreciaciones sobre el seminariorVarios participantestEnglish Translations xarte contemporáneoxarte - crítica culturalxarte - filosofíaxarte - ensayosxarte - seminario